| 000 | 00000nam##2200000za#4500 |
| 001 | 9.601122 |
| 003 | CaOODSP |
| 005 | 20221028125831 |
| 007 | cr ||||||||||| |
| 008 | 150406|2003||||xxc|||||o f|0| 0 fre|d |
| 040 | |aCaOODSP|bfre |
| 043 | |an-cn--- |
| 086 | 1 |aYC27-0/372-3F-PDF |
| 110 | 1 |aCanada. |bParlement. |bSénat. |bComité sénatorial permanent de l'agriculture et des forêts. |
| 245 | 13|aLe changement climatique : |h[ressource électronique]|bnous sommes menacés / |cL'honorable Donald Oliver, c.r., président; L'honorable John Wiebe, vice-président. |
| 246 | 3 |aRapport intérimaire |
| 260 | |aOttawa - Ontario : |bSénat. |cJuin 2003. |
| 300 | |a101p.|bgraphiques, références, photographies |
| 490 | 1 |aRapport du Comité sénatorial permanent de l'agriculture et des forêts|v[37e législature, 2e session, 3e rapport] |
| 590 | |a11-12-Supp|b2011-07-29 |
| 775 | 08|tClimate change : |w(CaOODSP)9.570444 |
| 830 | #0|aRapport du Comité sénatorial permanent de l'agriculture et des forêts ;|v[37e législature, 2e session, 3e rapport]|w(CaOODSP)9.502039 |
| 856 | 40|ahttp://publications.gc.ca|qPDF|s751 Ko|uhttps://publications.gc.ca/collections/collection_2011/sen/yc27-0/YC27-0-372-3-fra.pdf|y[37e législature, 2e session, 3e rapport] |